[Event "Bundesliga 9798"]
[Site "Deutschland"]
[Date "1998.??.??"]
[Round "?.1"]
[White "Sax, Gyula"]
[Black "Baklan, Vladimir"]
[Result "1-0"]
[WhiteElo "2570"]
[BlackElo "2570"]
[PlyCount "57"]
[EventDate "1997.10.??"]
[EventType "team"]
[EventRounds "15"]
[EventCountry "GER"]
[SourceTitle "Bundesliga 9798"]
[Source "DeepChess"]
[SourceDate "2005.01.01"]
[SourceVersion "1"]
[SourceVersionDate "2005.01.01"]
[SourceQuality "1"]
[WhiteTeam "PSV Turm Duisburg 1920 e.V."]
[BlackTeam "SK Zaehringen 1921"]
[WhiteTeamCountry "GER"]
[BlackTeamCountry "GER"]

1. e4 c5 2. Nf3 Nc6 3. d4 cxd4 4. Nxd4 Nf6 5. Nc3 d6 6. Bg5 e6 7. Qd2 a6 8.
O-O-O h6 9. Be3 Be7 10. f4 Bd7 11. Kb1 b5 12. Bd3 Qc7 13. h3 Nxd4 14. Bxd4 b4
15. Ne2 Bc6 16. Ng3 Qb7 17. Qe2 g6 18. Rhf1 O-O 19. h4 Qb8 20. e5 Nd5 21. Ka1
Bb5 22. h5 dxe5 23. Bxe5 Qe8 24. hxg6 fxg6 25. Rh1 Bxd3 26. Qxd3 Rd8 27. Rxh6
Nf6 28. Rxg6+ Kf7 29. Rxf6+ 1-0

[Event "Bundesliga 9798"]
[Site "Deutschland"]
[Date "1998.??.??"]
[Round "?.3"]
[White "Kraut, Rainer"]
[Black "Toth, Bela"]
[Result "1/2-1/2"]
[WhiteElo "2470"]
[BlackElo "2395"]
[PlyCount "81"]
[EventDate "1997.10.??"]
[EventType "team"]
[EventRounds "15"]
[EventCountry "GER"]
[SourceTitle "Bundesliga 9798"]
[Source "DeepChess"]
[SourceDate "2005.01.01"]
[SourceVersion "1"]
[SourceVersionDate "2005.01.01"]
[SourceQuality "1"]
[WhiteTeam "PSV Turm Duisburg 1920 e.V."]
[BlackTeam "SK Zaehringen 1921"]
[WhiteTeamCountry "GER"]
[BlackTeamCountry "GER"]

1. e4 e5 2. Nf3 Nc6 3. Bb5 Nf6 4. O-O Nxe4 5. d4 Nd6 6. Bg5 Be7 7. Bxe7 Qxe7 8.
Bxc6 dxc6 9. dxe5 Nf5 10. Qd2 Be6 11. Nc3 h6 12. Rfe1 Rd8 13. Qf4 Qc5 14. Rad1
O-O 15. h3 Rfe8 16. a3 a5 17. Rd2 Rxd2 18. Qxd2 Bd5 19. Nxd5 cxd5 20. c3 Qc4
21. Qc2 Ne7 22. e6 f6 23. Nd4 c5 24. Nf5 Qf4 25. Nxe7+ Rxe7 26. Qb3 Qd6 27. Rd1
Qxe6 28. Qxd5 Qxd5 29. Rxd5 Re1+ 30. Kh2 Re2 31. Rxc5 Rxb2 32. Rxa5 Rxf2 33.
Rb5 Rc2 34. Rxb7 Rxc3 35. a4 Ra3 36. Ra7 h5 37. h4 Kh7 38. a5 Kh6 39. a6 g5 40.
hxg5+ fxg5 41. Ra8 1/2-1/2

[Event "Bundesliga 9798"]
[Site "Deutschland"]
[Date "1998.??.??"]
[Round "?.4"]
[White "Maier, Christian"]
[Black "Unzicker, Wolfgang"]
[Result "0-1"]
[WhiteElo "2380"]
[BlackElo "2420"]
[PlyCount "48"]
[EventDate "1997.10.??"]
[EventType "team"]
[EventRounds "15"]
[EventCountry "GER"]
[SourceTitle "Bundesliga 9798"]
[Source "DeepChess"]
[SourceDate "2005.01.01"]
[SourceVersion "1"]
[SourceVersionDate "2005.01.01"]
[SourceQuality "1"]
[WhiteTeam "SK Zaehringen 1921"]
[BlackTeam "PSV Turm Duisburg 1920 e.V."]
[WhiteTeamCountry "GER"]
[BlackTeamCountry "GER"]

1. c4 e6 2. Nc3 d5 3. Nf3 Nf6 4. e3 c5 5. d4 Nc6 6. a3 a6 7. dxc5 Bxc5 8. b4
Bd6 9. Bb2 O-O 10. c5 Bc7 11. Be2 e5 12. O-O Re8 13. b5 axb5 14. Nxb5 h6 15.
Nd2 Be6 16. Rc1 Rc8 17. f4 d4 18. f5 Bd5 19. exd4 Nxd4 20. Nxd4 exd4 21. Nf3
Bf4 22. Bb5 Bxc1 23. Qxc1 Bxf3 24. Rxf3 Re5 0-1

[Event "Bundesliga 9798"]
[Site "Deutschland"]
[Date "1998.??.??"]
[Round "?.5"]
[White "Thesing, Matthias"]
[Black "Gruenenwald, Joerg"]
[Result "1/2-1/2"]
[WhiteElo "2440"]
[BlackElo "2330"]
[PlyCount "62"]
[EventDate "1997.10.??"]
[EventType "team"]
[EventRounds "15"]
[EventCountry "GER"]
[SourceTitle "Bundesliga 9798"]
[Source "DeepChess"]
[SourceDate "2005.01.01"]
[SourceVersion "1"]
[SourceVersionDate "2005.01.01"]
[SourceQuality "1"]
[WhiteTeam "PSV Turm Duisburg 1920 e.V."]
[BlackTeam "SK Zaehringen 1921"]
[WhiteTeamCountry "GER"]
[BlackTeamCountry "GER"]

1. e4 c5 2. Nc3 d6 3. Bb5+ Bd7 4. a4 Nf6 5. f4 Nc6 6. Nf3 e6 7. O-O Be7 8. b3
O-O 9. Bb2 a6 10. Bxc6 Bxc6 11. Qe2 b6 12. Ng5 Nd7 13. Nf3 Bf6 14. Rae1 b5 15.
e5 dxe5 16. Nxe5 Nxe5 17. fxe5 Qd4+ 18. Kh1 Bh4 19. Rb1 Bg5 20. d3 Qh4 21. Ne4
Bxe4 22. Qxe4 Qxe4 23. dxe4 Rad8 24. Rbd1 Bd2 25. g3 Rd7 26. Rf3 c4 27. axb5
axb5 28. bxc4 bxc4 29. Ra3 Rfd8 30. Ra4 c3 31. Bxc3 g5 1/2-1/2

[Event "Bundesliga 9798"]
[Site "Deutschland"]
[Date "1998.??.??"]
[Round "?.6"]
[White "Roos, Jean Luc"]
[Black "Pirrot, Dieter"]
[Result "0-1"]
[WhiteElo "2310"]
[BlackElo "2410"]
[PlyCount "68"]
[EventDate "1997.10.??"]
[EventType "team"]
[EventRounds "15"]
[EventCountry "GER"]
[SourceTitle "Bundesliga 9798"]
[Source "DeepChess"]
[SourceDate "2005.01.01"]
[SourceVersion "1"]
[SourceVersionDate "2005.01.01"]
[SourceQuality "1"]
[WhiteTeam "SK Zaehringen 1921"]
[BlackTeam "PSV Turm Duisburg 1920 e.V."]
[WhiteTeamCountry "GER"]
[BlackTeamCountry "GER"]

1. e4 Nc6 2. Nf3 e5 3. Bc4 Bc5 4. c3 Nf6 5. d3 d6 6. Nbd2 a6 7. Bb3 Ba7 8. Qe2
Ne7 9. Nf1 Ng6 10. g3 h6 11. Be3 c5 12. h3 O-O 13. g4 d5 14. g5 Nh5 15. Nxe5
Nhf4 16. Bxf4 Nxf4 17. Qd2 Qxg5 18. Nf3 Ng2+ 19. Kd1 Qf6 20. N1h2 dxe4 21. dxe4
Bxh3 22. Kc2 Rad8 23. Bd5 Nf4 24. c4 b5 25. Qc3 Nxd5 26. cxd5 Qg6 27. Rae1 c4
28. Rhg1 Qh7 29. Rg3 Bxf2 30. Rxh3 Bxe1 31. Qxe1 Rxd5 32. Ng4 Re8 33. Nd2 Qg6
34. Rg3 Rg5 0-1

[Event "Bundesliga 9798"]
[Site "Deutschland"]
[Date "1998.??.??"]
[Round "?.7"]
[White "Zude, Arno"]
[Black "Herbrechtsmeier, Christof"]
[Result "1-0"]
[WhiteElo "2395"]
[BlackElo "2280"]
[PlyCount "65"]
[EventDate "1997.10.??"]
[EventType "team"]
[EventRounds "15"]
[EventCountry "GER"]
[SourceTitle "Bundesliga 9798"]
[Source "DeepChess"]
[SourceDate "2005.01.01"]
[SourceVersion "1"]
[SourceVersionDate "2005.01.01"]
[SourceQuality "1"]
[WhiteTeam "PSV Turm Duisburg 1920 e.V."]
[BlackTeam "SK Zaehringen 1921"]
[WhiteTeamCountry "GER"]
[BlackTeamCountry "GER"]

1. e4 c5 2. Nf3 e6 3. d4 cxd4 4. Nxd4 a6 5. Bd3 Bc5 6. Nb3 Ba7 7. Nc3 Nc6 8.
Qe2 d6 9. Be3 Nf6 10. f4 e5 11. O-O b5 12. Kh1 Bxe3 13. Qxe3 exf4 14. Qxf4 Ne5
15. a4 b4 16. Nd5 Nxd5 17. exd5 a5 18. Qe4 g6 19. Bb5+ Bd7 20. Bc6 f5 21. Qd4
Bxc6 22. dxc6 O-O 23. Rad1 Qc7 24. Qd5+ Rf7 25. Nd4 Rc8 26. h3 Qb6 27. Qe6 Rd8
28. Nb5 Qxc6 29. Nxd6 Rxd6 30. Rxd6 Qe4 31. b3 f4 32. Rdd1 f3 33. Rxf3 1-0

[Event "Bundesliga 9798"]
[Site "Deutschland"]
[Date "1998.??.??"]
[Round "?.8"]
[White "Vatter, Hans Joachim"]
[Black "Prang, Edgar"]
[Result "1-0"]
[WhiteElo "2265"]
[BlackElo "2325"]
[PlyCount "104"]
[EventDate "1997.10.??"]
[EventType "team"]
[EventRounds "15"]
[EventCountry "GER"]
[SourceTitle "Bundesliga 9798"]
[Source "DeepChess"]
[SourceDate "2005.01.01"]
[SourceVersion "1"]
[SourceVersionDate "2005.01.01"]
[SourceQuality "1"]
[WhiteTeam "SK Zaehringen 1921"]
[BlackTeam "PSV Turm Duisburg 1920 e.V."]
[WhiteTeamCountry "GER"]
[BlackTeamCountry "GER"]

1. e4 e6 2. d4 d5 3. e5 c5 4. c3 Nc6 5. Nf3 Bd7 6. Be2 Nge7 7. O-O Ng6 8. Re1
Be7 9. g3 O-O 10. h4 Qb6 11. a3 Rac8 12. b4 cxd4 13. cxd4 f6 14. h5 Nh8 15.
exf6 Bxf6 16. Be3 Qd8 17. Ra2 Nf7 18. Nbd2 Nd6 19. Bd3 Nf5 20. Bxf5 exf5 21.
Nb3 b6 22. Bf4 Be8 23. h6 g5 24. Be5 Bh5 25. Qd3 f4 26. b5 Ne7 27. Bxf6 Rxf6
28. Nxg5 Ng6 29. Nd2 Qd6 30. Nf1 Qd7 31. Nh2 Rcf8 32. Rc2 Bg4 33. Rc6 Bf5 34.
Qc3 fxg3 35. fxg3 Qd8 36. Nhf3 Be4 37. Nxe4 dxe4 38. Ng5 Rxc6 39. bxc6 Qxg5 40.
c7 Rc8 41. Rxe4 Qd5 42. Re2 Nf8 43. Re7 Ne6 44. Qe3 Qxd4 45. Rxe6 Qxe3+ 46.
Rxe3 Rxc7 47. Rf3 Rf7 48. Rc3 Rd7 49. Kg2 b5 50. Rc6 Rb7 51. Ra6 Kf7 52. Kh3 b4
$138 1-0

[Event "Bundesliga 9798"]
[Site "Deutschland"]
[Date "1997.??.??"]
[Round "?.1"]
[White "Sax, Gyula"]
[Black "Rozentalis, Eduardas"]
[Result "1/2-1/2"]
[WhiteElo "2570"]
[BlackElo "2645"]
[PlyCount "45"]
[EventDate "1997.10.??"]
[EventType "team"]
[EventRounds "15"]
[EventCountry "GER"]
[SourceTitle "Bundesliga 9798"]
[Source "DeepChess"]
[SourceDate "2005.01.01"]
[SourceVersion "1"]
[SourceVersionDate "2005.01.01"]
[SourceQuality "1"]
[WhiteTeam "PSV Turm Duisburg 1920 e.V."]
[BlackTeam "SV Castrop Rauxel 1923"]
[WhiteTeamCountry "GER"]
[BlackTeamCountry "GER"]

1. e4 e5 2. Nf3 Nf6 3. d4 Nxe4 4. Bd3 d5 5. Nxe5 Nd7 6. Nxd7 Bxd7 7. O-O Be7 8.
c4 Nf6 9. Nc3 Be6 10. c5 O-O 11. Bf4 Qd7 12. b4 c6 13. Re1 Rfe8 14. b5 Bf5 15.
bxc6 bxc6 16. Ba6 Ne4 17. Nxe4 dxe4 18. Qa4 Rad8 19. Rad1 Bg4 20. Rd2 Bf8 21.
h3 Be6 22. Bc4 Bxc4 23. Qxc4 1/2-1/2

[Event "Bundesliga 9798"]
[Site "Deutschland"]
[Date "1997.??.??"]
[Round "?.2"]
[White "Van der Sterren, Paul"]
[Black "Enders, Peter"]
[Result "1-0"]
[WhiteElo "2555"]
[BlackElo "2535"]
[PlyCount "65"]
[EventDate "1997.10.??"]
[EventType "team"]
[EventRounds "15"]
[EventCountry "GER"]
[SourceTitle "Bundesliga 9798"]
[Source "DeepChess"]
[SourceDate "2005.01.01"]
[SourceVersion "1"]
[SourceVersionDate "2005.01.01"]
[SourceQuality "1"]
[WhiteTeam "SV Castrop Rauxel 1923"]
[BlackTeam "PSV Turm Duisburg 1920 e.V."]
[WhiteTeamCountry "GER"]
[BlackTeamCountry "GER"]

1. d4 Nf6 2. c4 g6 3. Nc3 Bg7 4. e4 d6 5. f3 O-O 6. Nge2 Nc6 7. Bg5 a6 8. Qd2
Rb8 9. Rc1 Bd7 10. b3 Re8 11. d5 Na7 12. Ng3 b5 13. Be2 bxc4 14. Bxc4 Nb5 15.
Nce2 Rb7 16. O-O Qa8 17. Bd3 a5 18. a4 Na7 19. Qxa5 c6 20. Bc4 cxd5 21. exd5 e6
22. Bxf6 Bxf6 23. Ne4 Bd8 24. Qd2 Nc8 25. dxe6 Bxe6 26. Bb5 Ree7 27. Nd4 Na7
28. Qh6 f5 29. Nf6+ Kf7 30. Nxe6 Bb6+ 31. Kh1 Kxe6 32. Rce1+ Kxf6 33. Qh4+ 1-0

[Event "Bundesliga 9798"]
[Site "Deutschland"]
[Date "1997.??.??"]
[Round "?.3"]
[White "Kraut, Rainer"]
[Black "Conquest, Stuart"]
[Result "1/2-1/2"]
[WhiteElo "2470"]
[BlackElo "2500"]
[PlyCount "126"]
[EventDate "1997.10.??"]
[EventType "team"]
[EventRounds "15"]
[EventCountry "GER"]
[SourceTitle "Bundesliga 9798"]
[Source "DeepChess"]
[SourceDate "2005.01.01"]
[SourceVersion "1"]
[SourceVersionDate "2005.01.01"]
[SourceQuality "1"]
[WhiteTeam "PSV Turm Duisburg 1920 e.V."]
[BlackTeam "SV Castrop Rauxel 1923"]
[WhiteTeamCountry "GER"]
[BlackTeamCountry "GER"]

1. e4 e5 2. Nf3 Nc6 3. Bb5 Nge7 4. Nc3 d6 5. d4 Bd7 6. dxe5 dxe5 7. Bc4 h6 8.
Be3 Ng6 9. Qd5 Be6 10. Qxd8+ Rxd8 11. Bxe6 fxe6 12. O-O Bb4 13. Ne2 Rf8 14.
Rfd1 Nf4 15. Kf1 g5 16. Rxd8+ Kxd8 17. Rd1+ Kc8 18. h4 g4 19. Nh2 h5 20. c3 Be7
21. g3 Ng6 22. Kg2 Rg8 23. Ng1 Na5 24. b3 b6 25. Nf1 Nb7 26. f3 gxf3+ 27. Kxf3
Nd6 28. Nd2 Nb5 29. Ne2 Rf8+ 30. Kg2 Rd8 31. Rc1 Bc5 32. Bg5 Rd3 33. a4 Nd6 34.
b4 Be3 35. Bxe3 Rxe3 36. Kf2 Rd3 37. Rc2 Rxd2 38. Rxd2 Nxe4+ 39. Ke3 Nxd2 40.
Kxd2 Kd7 41. Kd3 Ne7 42. Ke4 Kd6 43. c4 Nc6 44. b5 Na5 45. Kd3 Nb7 46. Nc3 Nc5+
47. Ke3 Ke7 48. Kf3 Kf7 49. g4 hxg4+ 50. Kxg4 Nd3 51. Ne4 Nb2 52. Ng5+ Kf6 53.
Ne4+ Ke7 54. h5 Nxc4 55. h6 Kf7 56. Ng5+ Kg6 57. h7 Kg7 58. Nxe6+ Kxh7 59. Kf5
Kg8 60. Nxc7 Kf7 61. Nd5 Ke8 62. Ke6 e4 63. Nf6+ Kd8 1/2-1/2

[Event "Bundesliga 9798"]
[Site "Deutschland"]
[Date "1997.??.??"]
[Round "?.5"]
[White "Thesing, Matthias"]
[Black "King, Daniel J"]
[Result "1-0"]
[WhiteElo "2440"]
[BlackElo "2530"]
[PlyCount "49"]
[EventDate "1997.10.??"]
[EventType "team"]
[EventRounds "15"]
[EventCountry "GER"]
[SourceTitle "Bundesliga 9798"]
[Source "DeepChess"]
[SourceDate "2005.01.01"]
[SourceVersion "1"]
[SourceVersionDate "2005.01.01"]
[SourceQuality "1"]
[WhiteTeam "PSV Turm Duisburg 1920 e.V."]
[BlackTeam "SV Castrop Rauxel 1923"]
[WhiteTeamCountry "GER"]
[BlackTeamCountry "GER"]

1. e4 c5 2. Nc3 d6 3. f4 Nc6 4. Nf3 g6 5. Bb5 Bd7 6. O-O Bg7 7. d3 a6 8. Bxc6
Bxc6 9. Qe1 Nf6 10. a4 Qd7 11. a5 O-O 12. Bd2 e6 13. Qh4 d5 14. e5 Ne8 15. b4
b6 16. axb6 cxb4 17. Ne2 a5 18. Qf2 Ba4 19. Qc5 Kh8 20. Ned4 Rg8 21. b7 Rb8 22.
Qxa5 Bc6 23. Qb6 Bxb7 24. Ra7 Bh6 25. Rb1 1-0

[Event "Bundesliga 9798"]
[Site "Deutschland"]
[Date "1997.??.??"]
[Round "?.6"]
[White "Hoffmann, Michael"]
[Black "Pirrot, Dieter"]
[Result "0-1"]
[WhiteElo "2440"]
[BlackElo "2410"]
[PlyCount "54"]
[EventDate "1997.10.??"]
[EventType "team"]
[EventRounds "15"]
[EventCountry "GER"]
[SourceTitle "Bundesliga 9798"]
[Source "DeepChess"]
[SourceDate "2005.01.01"]
[SourceVersion "1"]
[SourceVersionDate "2005.01.01"]
[SourceQuality "1"]
[WhiteTeam "SV Castrop Rauxel 1923"]
[BlackTeam "PSV Turm Duisburg 1920 e.V."]
[WhiteTeamCountry "GER"]
[BlackTeamCountry "GER"]

1. c4 Nf6 2. Nc3 g6 3. g3 Bg7 4. Bg2 O-O 5. Nf3 d6 6. O-O Nc6 7. Rb1 Bf5 8. d3
Qd7 9. Re1 Bh3 10. Bh1 h6 11. b4 e6 12. b5 Ne7 13. a4 Rad8 14. Ba3 b6 15. d4
Ng4 16. e4 f5 17. e5 f4 18. Bg2 Bxg2 19. Kxg2 fxg3 20. fxg3 Nf5 21. Qd3 c5 22.
h3 Nxd4 23. Nxd4 Nxe5 24. Qe4 cxd4 25. Ne2 Nxc4 26. Bb4 Ne3+ 27. Kg1 e5 0-1

[Event "Bundesliga 9798"]
[Site "Deutschland"]
[Date "1997.??.??"]
[Round "?.7"]
[White "Zude, Arno"]
[Black "Brendel, Oliver"]
[Result "1-0"]
[WhiteElo "2395"]
[BlackElo "2425"]
[PlyCount "79"]
[EventDate "1997.10.??"]
[EventType "team"]
[EventRounds "15"]
[EventCountry "GER"]
[SourceTitle "Bundesliga 9798"]
[Source "DeepChess"]
[SourceDate "2005.01.01"]
[SourceVersion "1"]
[SourceVersionDate "2005.01.01"]
[SourceQuality "1"]
[WhiteTeam "PSV Turm Duisburg 1920 e.V."]
[BlackTeam "SV Castrop Rauxel 1923"]
[WhiteTeamCountry "GER"]
[BlackTeamCountry "GER"]

1. e4 c5 2. Nf3 Nc6 3. d4 cxd4 4. Nxd4 e5 5. Nb5 d6 6. N1c3 a6 7. Na3 b5 8. Nd5
Nge7 9. c4 Nd4 10. cxb5 Nxd5 11. exd5 Bd7 12. bxa6 Qa5+ 13. Bd2 Qxd5 14. Nc4
Qe4+ 15. Ne3 Be6 16. Bc3 Be7 17. Bd3 Qh4 18. O-O O-O 19. f4 exf4 20. Bxd4 fxe3
21. Bxe3 Bf6 22. g3 Qh3 23. Rxf6 gxf6 24. Qf3 f5 25. b4 Rfe8 26. b5 Bd7 27. Bf1
Qg4 28. Qxg4+ fxg4 29. b6 Rxe3 30. b7 Ree8 31. bxa8=Q Rxa8 32. Rd1 Kf8 33. Rxd6
Ke7 34. Bg2 Rc8 35. Rxd7+ Kxd7 36. a7 Rc1+ 37. Kf2 Rc2+ 38. Ke3 Rxa2 39. a8=Q
Rxa8 40. Bxa8 1-0

[Event "Bundesliga 9798"]
[Site "Deutschland"]
[Date "1997.??.??"]
[Round "?.8"]
[White "Sehner, Norbert"]
[Black "Prang, Edgar"]
[Result "1-0"]
[WhiteElo "2375"]
[BlackElo "2325"]
[PlyCount "112"]
[EventDate "1997.10.??"]
[EventType "team"]
[EventRounds "15"]
[EventCountry "GER"]
[SourceTitle "Bundesliga 9798"]
[Source "DeepChess"]
[SourceDate "2005.01.01"]
[SourceVersion "1"]
[SourceVersionDate "2005.01.01"]
[SourceQuality "1"]
[WhiteTeam "SV Castrop Rauxel 1923"]
[BlackTeam "PSV Turm Duisburg 1920 e.V."]
[WhiteTeamCountry "GER"]
[BlackTeamCountry "GER"]

1. c4 e6 2. g3 d5 3. Bg2 Nf6 4. Nf3 Be7 5. O-O O-O 6. d4 b6 7. cxd5 exd5 8. Nc3
Bb7 9. Bf4 Na6 10. Rc1 c5 11. dxc5 Nxc5 12. Nd4 Qd7 13. a3 Rac8 14. b4 Nce4 15.
Qb3 Nxc3 16. Rxc3 Rxc3 17. Qxc3 Rc8 18. Qd3 Ne4 19. Rc1 a6 20. Nb3 Rxc1+ 21.
Bxc1 Qc6 22. Be3 Bf6 23. Bf3 g6 24. Nd4 Qd7 25. Qc2 Nd6 26. Nb3 Nf5 27. Bxb6
Bc6 28. Bg4 Ba4 29. Bxf5 gxf5 30. Nc5 Bxc2 31. Nxd7 Bb2 32. Ba5 Ba4 33. Nb6 Bb5
34. Kf1 Bxa3 35. Nxd5 Kg7 36. Ke1 Bc4 37. Ne3 Be6 38. Kd2 Bb2 39. Bb6 Kg6 40.
Kd3 Bd7 41. Bd4 Bb5+ 42. Nc4 Bc1 43. e3 Kg5 44. h3 h5 45. Kc3 h4 46. Nd6 Bf1
47. Nxf7+ Kh5 48. gxh4 Kxh4 49. Kc2 Ba3 50. Bc3 Kxh3 51. Bd2 Bc4 52. Nd6 Be6
53. Nb7 Bc8 54. Nd6 Be6 55. Ne8 Kg2 56. Nc7 Kxf2 1-0

[Event "Bundesliga 9798"]
[Site "Deutschland"]
[Date "1997.??.??"]
[Round "?.1"]
[White "Epishin, Vladimir"]
[Black "Sax, Gyula"]
[Result "1-0"]
[WhiteElo "2570"]
[BlackElo "2570"]
[PlyCount "67"]
[EventDate "1997.10.??"]
[EventType "team"]
[EventRounds "15"]
[EventCountry "GER"]
[SourceTitle "Bundesliga 9798"]
[Source "DeepChess"]
[SourceDate "2005.01.01"]
[SourceVersion "1"]
[SourceVersionDate "2005.01.01"]
[SourceQuality "1"]
[WhiteTeam "SV Empor Berlin e.V."]
[BlackTeam "PSV Turm Duisburg 1920 e.V."]
[WhiteTeamCountry "GER"]
[BlackTeamCountry "GER"]

1. d4 Nf6 2. c4 e6 3. Nf3 b6 4. g3 Ba6 5. Qb3 Nc6 6. Bd2 Rb8 7. Bg2 b5 8. c5 b4
9. Bg5 Be7 10. Nbd2 h6 11. Bxf6 Bxf6 12. e3 O-O 13. Rc1 Bb5 14. Bf1 Na5 15. Qd1
Bc6 16. Bd3 e5 17. dxe5 Bxe5 18. Bb1 Bxf3 19. Qc2 g6 20. Nxf3 b3 21. axb3 Bg7
22. O-O Nxb3 23. Rcd1 Qf6 24. Ba2 Nxc5 25. Qxc5 Qxf3 26. Rxd7 Rxb2 27. Bd5 Qf6
28. Qxc7 a6 29. e4 Qf3 30. e5 Qf5 31. e6 Bd4 32. e7 Re8 33. Qd8 Bxf2+ 34. Kh1
1-0

[Event "Bundesliga 9798"]
[Site "Deutschland"]
[Date "1997.??.??"]
[Round "?.2"]
[White "Enders, Peter"]
[Black "Muse, Mladen"]
[Result "1-0"]
[WhiteElo "2535"]
[BlackElo "2460"]
[PlyCount "77"]
[EventDate "1997.10.??"]
[EventType "team"]
[EventRounds "15"]
[EventCountry "GER"]
[SourceTitle "Bundesliga 9798"]
[Source "DeepChess"]
[SourceDate "2005.01.01"]
[SourceVersion "1"]
[SourceVersionDate "2005.01.01"]
[SourceQuality "1"]
[WhiteTeam "PSV Turm Duisburg 1920 e.V."]
[BlackTeam "SV Empor Berlin e.V."]
[WhiteTeamCountry "GER"]
[BlackTeamCountry "GER"]

1. e4 c5 2. Nf3 Nc6 3. d4 cxd4 4. Nxd4 Nf6 5. Nc3 e5 6. Ndb5 d6 7. Bg5 a6 8.
Na3 b5 9. Bxf6 gxf6 10. Nd5 Bg7 11. Bd3 Ne7 12. Nxe7 Qxe7 13. O-O f5 14. c3 O-O
15. Kh1 d5 16. exd5 Rd8 17. Bc2 Qc5 18. Bb3 a5 19. Qh5 a4 20. Bc2 e4 21. Rad1
b4 22. Nb1 Rd6 23. f3 b3 24. axb3 axb3 25. Bxb3 Rb8 26. Ba4 e3 27. Rg1 Rxb2 28.
Qg5 e2 29. Rde1 Rg6 30. Qc1 Qb6 31. Nd2 Ba6 32. f4 Rxd2 33. Qxd2 Qf2 34. Bc6
Rxg2 35. Rxg2 Qf1+ 36. Rxf1 exf1=Q+ 37. Rg1 Qf3+ 38. Qg2 Qxc3 39. d6 1-0

[Event "Bundesliga 9798"]
[Site "Deutschland"]
[Date "1997.??.??"]
[Round "?.3"]
[White "Poldauf, Dirk"]
[Black "Kraut, Rainer"]
[Result "0-1"]
[WhiteElo "2455"]
[BlackElo "2470"]
[PlyCount "116"]
[EventDate "1997.10.??"]
[EventType "team"]
[EventRounds "15"]
[EventCountry "GER"]
[SourceTitle "Bundesliga 9798"]
[Source "DeepChess"]
[SourceDate "2005.01.01"]
[SourceVersion "1"]
[SourceVersionDate "2005.01.01"]
[SourceQuality "1"]
[WhiteTeam "SV Empor Berlin e.V."]
[BlackTeam "PSV Turm Duisburg 1920 e.V."]
[WhiteTeamCountry "GER"]
[BlackTeamCountry "GER"]

1. c4 e5 2. Nc3 Nf6 3. Nf3 Nc6 4. g3 Bb4 5. Bg2 O-O 6. O-O Bxc3 7. bxc3 Re8 8.
d3 e4 9. Nd4 h6 10. dxe4 Nxe4 11. Qc2 d5 12. cxd5 Qxd5 13. Qb2 Na5 14. Qb5 c6
15. Qxd5 cxd5 16. Nb5 Re7 17. Ba3 Rd7 18. Rfd1 Nc4 19. Bb4 a5 20. Bxe4 dxe4 21.
Bd6 Ra6 22. Bc5 Rc6 23. Bd4 b6 24. Rab1 Ba6 25. a4 f6 26. g4 Rd5 27. Kg2 Kf7
28. Kg3 g5 29. h3 Bxb5 30. Rxb5 Rxb5 31. axb5 Rd6 32. Re1 Kg6 33. h4 gxh4+ 34.
Kxh4 Rd5 35. Kg3 f5 36. gxf5+ Kxf5 37. Rh1 Kg5 38. Rh4 a4 39. Rg4+ Kh5 40. Rh4+
Kg6 41. Rh1 Rxb5 42. Kf4 Nd6 43. Rc1 Rf5+ 44. Ke3 b5 45. Ba7 Kf7 46. Rg1 Ke6
47. Rg6+ Kd5 48. Kd2 Nc4+ 49. Kc2 Rh5 50. Rg8 Rh1 51. Rd8+ Kc6 52. Bd4 a3 53.
Ra8 h5 54. f4 exf3 55. exf3 h4 56. Kb3 Rb1+ 57. Ka2 Rb2+ 58. Ka1 h3 0-1

[Event "Bundesliga 9798"]
[Site "Deutschland"]
[Date "1997.??.??"]
[Round "?.4"]
[White "Unzicker, Wolfgang"]
[Black "Volke, Karsten"]
[Result "1/2-1/2"]
[WhiteElo "2420"]
[BlackElo "2455"]
[PlyCount "43"]
[EventDate "1997.10.??"]
[EventType "team"]
[EventRounds "15"]
[EventCountry "GER"]
[SourceTitle "Bundesliga 9798"]
[Source "DeepChess"]
[SourceDate "2005.01.01"]
[SourceVersion "1"]
[SourceVersionDate "2005.01.01"]
[SourceQuality "1"]
[WhiteTeam "PSV Turm Duisburg 1920 e.V."]
[BlackTeam "SV Empor Berlin e.V."]
[WhiteTeamCountry "GER"]
[BlackTeamCountry "GER"]

1. e4 c5 2. Nf3 e6 3. d4 cxd4 4. Nxd4 Nf6 5. Nc3 d6 6. Be2 Be7 7. O-O O-O 8. f4
Nc6 9. Be3 e5 10. Nb3 exf4 11. Bxf4 Be6 12. Kh1 d5 13. exd5 Nxd5 14. Nxd5 Qxd5
15. c3 a5 16. Qxd5 Bxd5 17. Rfd1 Be6 18. Bd6 Bxd6 19. Rxd6 Rfd8 20. Rxd8+ Rxd8
21. Bf3 Bd5 22. Bxd5 1/2-1/2

[Event "Bundesliga 9798"]
[Site "Deutschland"]
[Date "1997.??.??"]
[Round "?.5"]
[White "Hetey, Laszlo"]
[Black "Thesing, Matthias"]
[Result "0-1"]
[WhiteElo "2345"]
[BlackElo "2440"]
[PlyCount "88"]
[EventDate "1997.10.??"]
[EventType "team"]
[EventRounds "15"]
[EventCountry "GER"]
[SourceTitle "Bundesliga 9798"]
[Source "DeepChess"]
[SourceDate "2005.01.01"]
[SourceVersion "1"]
[SourceVersionDate "2005.01.01"]
[SourceQuality "1"]
[WhiteTeam "SV Empor Berlin e.V."]
[BlackTeam "PSV Turm Duisburg 1920 e.V."]
[WhiteTeamCountry "GER"]
[BlackTeamCountry "GER"]

1. d4 d5 2. Nf3 Nf6 3. c4 e6 4. Nc3 c6 5. Bg5 dxc4 6. e4 b5 7. e5 h6 8. Bh4 g5
9. Nxg5 hxg5 10. Bxg5 Nbd7 11. exf6 Bb7 12. g3 c5 13. d5 Qb6 14. Bg2 b4 15. O-O
O-O-O 16. Na4 Qa6 17. a3 Bxd5 18. Bxd5 Ne5 19. axb4 Rxd5 20. Qe2 cxb4 21. Nc3
Qc6 22. Nxd5 Qxd5 23. f3 Bc5+ 24. Be3 Nd3 25. Bxc5 Qxc5+ 26. Kh1 Rd8 27. Qe4
Kb8 28. Qh7 Rd7 29. Qg8+ Kb7 30. Qe8 Qc6 31. Qf8 Qb5 32. Ra2 a5 33. Rfa1 Qd5
34. Kg2 Ne5 35. Rf1 c3 36. b3 Rc7 37. Re2 c2 38. Ree1 c1=Q 39. Rxc1 Rxc1 40.
Rxc1 Qd2+ 41. Kh3 Qxc1 42. Qe7+ Qc7 43. f4 Nc6 44. Qc5 Qd8 0-1